| 000 | 00678nam a2200181Ia 4500 | ||
|---|---|---|---|
| 008 | 090630s9999 xx 000 0 und d | ||
| 082 | _b11055 | ||
| 100 | _aडॉ. मुंदरगी श्रीकांत. | ||
| 245 |
_aस्पर्शहीन. _cडॉ. मुंदरगी श्रीकांत. |
||
| 260 |
_bइनामदार बंधू. _c1983 |
||
| 300 | _a166 | ||
| 600 | _aडॉ. मुंदरगी श्रीकांत. | ||
| 630 | _aस्पर्शहीन. | ||
| 655 | _aकादंबरी. | ||
| 700 | _aडॉ. मुंदरगी श्रीकांत. | ||
| 730 | _aस्पर्शहीन. | ||
| 942 | _cBOOK | ||
| 999 |
_c262911 _d262911 |
||